[Event "GRE-chT Div-A 38th"]
[Site "Peristeri"]
[Date "2010.07.08"]
[Round "4"]
[White "Kopalidis, Miltiadis"]
[Black "Ladopoulos, Dimitrios"]
[Result "0-1"]
[WhiteElo "1538"]
[BlackElo "1872"]
[PlyCount "140"]
[EventDate "2010.07.05"]
[EventType "team-swiss"]
[EventRounds "7"]
[EventCountry "GRE"]
[SourceTitle "CBM 137 Extra"]
[Source "ChessBase"]
[SourceDate "2010.09.01"]
[SourceVersion "1"]
[SourceVersionDate "2010.09.01"]
[SourceQuality "1"]

1. e4 e6 2. d4 d5 3. Nd2 c5 4. c3 cxd4 5. cxd4 dxe4 6. Nxe4 Nc6 7. Nf3 Be7 8. Be3 Nf6 9. Nc3 0-0 10. Be2 Nb4 11. 0-0 Nbd5 12. Nxd5 Nxd5 13. Qd2 b6 14. Rac1 Bb7 15. a3 Bf6 16. Bg5 h6 17. Bxf6 Nxf6 18. Rfe1 Qd6 19. Red1 Rfd8 20. Ne1 Rac8 21. Rxc8 Rxc8 22. Bf3 Bxf3 23. Nxf3 Qc7 24. Ne1 Ne4 25. Qe3 Nd6 26. Kf1 Nf5 27. Qe5 Qc4+ 28. Kg1 Rd8 29. Nf3 Qc2 30. Re1 Qxb2 31. Qc7 Rd5 32. Qxa7 Nxd4 33. Nxd4 Rxd4 34. h3 Rd2 35. Qa8+ Kh7 36. Qe4+ g6 37. Qf3 Kg7 38. Qe3 Rd5 39. Qf3 Rb5 40. Re3 Qb1+ 41. Kh2 Qb2 42. Qg3 Rg5 43. Qh4 Rf5 44. Kg1 h5 45. Qg3 Qf6 46. Rb3 b5 47. Rb1 Qd4 48. Re1 Rd5 49. Qc7 e5 50. Re3 Rc5 51. Qa5 Rc1+ 52. Re1 Rc2 53. Rf1 Qb2 54. a4 b4 55. Qb6 Qd4 56. a5 Qxb6 57. axb6 Rc6 58. Re1 Kf6 59. Rb1 Rxb6 60. Rb3 Ke6 61. Kf1 Kd5 62. Ke2 Kc4 63. Rb1 b3 64. Kd2 b2 65. Kc2 Kd4 66. Kd2 e4 67. g3 Rb3 68. h4 Rf3 69. Ke2 Kc3 70. Kd1 Rxf2 0-1

[Event "Attica-ch U08/20"]
[Site "Athens"]
[Date "2009.12.23"]
[Round "1"]
[White "Kopalidis, Miltiadis"]
[Black "Kourkoulos Arditis, Stamatis"]
[Result "0-1"]
[WhiteElo "1005"]
[BlackElo "1874"]
[PlyCount "92"]
[EventDate "2009.12.23"]
[EventType "swiss"]
[EventRounds "7"]
[EventCountry "GRE"]
[SourceTitle "EXT 2011"]
[Source "ChessBase"]
[SourceDate "2010.11.26"]
[SourceVersion "1"]
[SourceVersionDate "2010.11.26"]
[SourceQuality "1"]

1. e4 c5 2. Nc3 e6 3. f4 d6 4. Bb5+ Nd7 5. Nf3 a6 6. Bxd7+ Bxd7 7. d3 g6 8. 0-0 Bg7 9. a4 Ne7 10. Qe1 0-0 11. Qh4 Nc6 12. Qf2 Qc7 13. Be3 Rab8 14. Qd2 b5 15. axb5 axb5 16. e5 Rfc8 17. exd6 Qxd6 18. Ne4 Qd5 19. Nxc5 Bxb2 20. Rab1 Bg7 21. Rbd1 Nd4 22. Nxd4 Rxc5 23. Nf3 Rc3 24. Rf2 Rbc8 25. Rc1 b4 26. Qd1 b3 27. cxb3 Rxc1 28. Bxc1 Qc5 29. Bd2 Bc6 30. Kf1 Bb5 31. Ne1 Bd4 32. Rf3 Qh5 33. h3 Bc6 34. Qc2 Bb7 35. Qb1 Qc5 36. Rg3 Bg1 37. Be3 Bxe3 38. Nf3 Ba6 39. Ne1 Bxf4 40. Rf3 Qg5 41. Qa2 Bb7 42. Rf2 Be3 43. Re2 Qf4+ 44. Nf3 Bxf3 45. gxf3 Qxf3+ 46. Rf2 Rc1# 0-1